000 00857nam0a22002411 4500
001 rc\46616
005 20250620160718.0
035 _a(NLR Aleph) 005326759
090 _a6547646
_c6547646
100 _a20021216d1993 |||y0rusy50 ca
101 0 _arus
102 _aRU
105 _ay |||||||||
200 1 _aТрудовое воспитание школьников
_fМ-во науки, высш. шк. и техн. политики Рос. Федерации. Сев.-Осет. гос. ун-т им. К.Л. Хетагурова
210 _aВладикавказ
_cИзд-во СОГУ
_d1993
215 _a167 с.
_d20
320 _aБиблиогр.: с. 166-167
700 1 _aДзгоева
_bЗ.А.
_gЗоя Анатольевна
801 0 _aRU
_bNLR
_gpsbo
801 1 _aRU
_bELAR
_2rusmarc
852 _aNLR
_j93-3/4711
942 _cBOOK
980 _aNB